000
00327nam a22001337a 4500
008
171023b xxu||||| |||| 00| 0 eng d
020
_a
9780072314472
041
_a
eng
080
_a
338
100
_a
54
101
_a
MEN
245
_a
MANAGERIAL ECONOMICS ORGANIZATIONAL ARCHITECTURE
_c
ZIMMERMAN.B..S
942
_2
udc
_c
BK
999
_c
35365
_d
35365